000 01576cam a22004694i 4500
003 PE-LiUPU
005 20250731173001.0
008 150623s r 000 0 d
020 _a0805463720
035 _a(Sirsi) i9780805463729
040 _aPE-LiUPU
_bspa
_cPE-LiUPU
_erda
049 _aPRUA
082 0 4 _a232.97
_bP87
_221
100 1 _aProctor, William,
_eautor.
245 1 4 _aThe resurrection report /
_cWilliam Proctor.
264 1 _aNashville, Tennessee :
_bBroadman & Holman Publishers,
_c1998.
300 _a212 páginas ;
_c23 centímetros
336 _atext
_2rdacontent
337 _aunmediated
_2rdamedia
338 _avolume
_2rdacarrier
504 _aIncluye bibliografía.
505 0 _aThe search for the greatest news story. - Reporter investigates the resurrection.
526 _aSEG42
526 _aSEG41
526 _aSEG40
526 _aSEG39
526 _aP94
526 _aP87
526 _aP86
526 _aP85
526 _aP77
526 _aP76
526 _aP35
630 _aBiblia.
_pN.T.
_pEvangelios
_xEvidencias, autoridad, etc.
650 0 4 _aResurrección de Jesús
_xEnseñanza bíblica.
942 _2ddc
_cBOOK
949 _a232.97 P87
_wDEWEY
_c1
_i45531
_lCCODEBUL1
_mBUL
_r0
_sY
_tBOOK
_u2015-6-24
_xTEOLOGIA
_PP35
_0COMPRA
_o.STAFF. Colección General
994 _aC0
_bPEPRU
596 _a1
999 _a232.97 P87
_wDEWEY
_c22393
_i45531
_f2021-11-10
_g5
_lCCODEBUL1
_mBUL
_r0
_sY
_tBOOK
_u2015-6-24
_xTEOLOGIA
_PP35
_0COMPRA
_o.STAFF. Colección General
_d22393
980 _81
_gALBERTO SANCHEZ Responsable de Automatización